La patria anhelada: Cardenal Raúl Silva Henríquez en la senda del bicentenario, seis aproximaciones, veinticuatro entrevistados y tres testimonios acerca de Mi sueño de Chile.
Guardat en:
| Autor corporatiu: | |
|---|---|
| Format: | Llibre |
| Idioma: | espanyol |
| Publicat: |
Santiago, Chile:
Fundación Cardenal Raúl Silva Henríquez,
2007.
|
| Matèries: | |
| Etiquetes: |
Afegir etiqueta
Sense etiquetes, Sigues el primer a etiquetar aquest registre!
|
MARC
| LEADER | 00000cam a2200000 a 4500 | ||
|---|---|---|---|
| 001 | UCI6974 | ||
| 003 | CL-VaPUC | ||
| 005 | 20250313110308.0 | ||
| 008 | 080605e20070000CL |||||||||||||||||spa|d | ||
| 999 | |c 330405 |d 330403 | ||
| 020 | |a 978-956-18-0785-3 | ||
| 040 | |c Pontificia Universidad Católica de Valparaíso | ||
| 082 | 0 | 4 | |a 922.2 FUN 2007 |2 21 |
| 110 | 2 | |a Fundación Cardenal Raúl Silva Henríquez |e autor |9 530090 | |
| 245 | 1 | 3 | |a La patria anhelada: Cardenal Raúl Silva Henríquez en la senda del bicentenario, seis aproximaciones, veinticuatro entrevistados y tres testimonios acerca de Mi sueño de Chile. |
| 260 | |a Santiago, Chile: |b Fundación Cardenal Raúl Silva Henríquez, |c 2007. | ||
| 300 | |a 175 páginas. | ||
| 500 | |a c.BUD. Donación Bib. Budge | ||
| 583 | |a last modification |c 20160913 04:30:53 |k Rodrigo Vera | ||
| 600 | 0 | |a Silva Henríquez, Raúl |9 257779 | |
| 650 | 0 | |a Biografías |9 255210 | |
| 650 | 0 | |a Vida religiosa |9 257284 | |
| 650 | 0 | |a Filosofía de la religión |9 256017 | |
| 650 | 0 | |a Filosofía política |9 295215 | |
| 942 | |c BK |2 ddc | ||
| 945 | |d 20080605 00:00:00 |a rbrito | ||
| 952 | |0 0 |1 0 |4 0 |6 922_200000000000000_FUN_2007 |7 0 |8 X |9 415928 |a BIBTEO |b BIBTEO |d 2019-11-22 |i 4445147 |o 922.2 FUN 2007 |p 4445147 |r 2025-01-17 |w 2019-11-22 |y BK_X |k ICR | ||
| 952 | |0 0 |1 0 |4 0 |6 922_200000000000000_FUN_2007 |7 0 |8 X |9 415929 |a BIBTEO |b BIBTEO |d 2019-11-22 |i 4870190 |o 922.2 FUN 2007 |p 4870190 |r 2025-01-17 |w 2019-11-22 |y BK_X |k ICR | ||
| 952 | |0 0 |1 0 |2 ddc |4 0 |6 922_200000000000000_FUN_2007 |7 0 |8 X |9 588448 |a FDOBUD |b FDOBUD |c REST |d 2022-12-22 |e Donación |i 5656245 |o 922.2 FUN 2007 |p 5656245 |r 2022-12-22 |w 2022-12-22 |y BK_X |k BUD | ||